[Event "Budapest FS03 FM-B"]
[Site "Budapest"]
[Date "2005.03.05"]
[Round "1"]
[White "Sebrek, Janos"]
[Black "Simon, Peter"]
[Result "1-0"]
[WhiteElo "1998"]
[BlackElo "1937"]
[PlyCount "103"]
[EventDate "2005.03.05"]
[EventType "tourn"]
[EventRounds "13"]
[EventCountry "HUN"]
[SourceTitle "CBM 105 Extra"]
[Source "ChessBase"]
[SourceDate "2005.05.01"]
[SourceVersion "1"]
[SourceVersionDate "2005.05.01"]
[SourceQuality "1"]

1. d4 Nf6 2. c4 e5 3. dxe5 Ng4 4. Nf3 Bc5 5. e3 Nc6 6. Be2 0-0 7. a3 a5 8. Nc3 Ngxe5 9. Bd2 Nxf3+ 10. Bxf3 Ne5 11. Be2 Re8 12. 0-0 Bf8 13. Qc2 d6 14. Rfd1 Be6 15. Nd5 c6 16. Nf4 Bd7 17. Rac1 Qe7 18. Qb3 Bf5 19. Bc3 Qc7 20. Bd4 a4 21. Qc3 c5 22. Bxe5 dxe5 23. Nd5 Qc6 24. Rd2 g5 25. Bd3 Bxd3 26. Qxd3 e4 27. Qe2 Rad8 28. Rcd1 Qg6 29. Nc7 Rxd2 30. Qxd2 Re5 31. Qd7 Re7 32. Qc8 Qc6 33. Rd8 Rxc7 34. Rxf8+ Kg7 35. Rg8+ Kf6 36. Qd8+ Re7 37. Rxg5 Qd7 38. Rd5 Qxd8 39. Rxd8 b5 40. cxb5 Rb7 41. Kf1 Rxb5 42. Rd2 Ke5 43. Ke2 Rb8 44. Kd1 f5 45. Kc2 Rg8 46. g3 h5 47. h4 Rg6 48. Kc3 Rd6 49. Rxd6 Kxd6 50. Kc4 Kc6 51. b3 axb3 52. Kxb3 1-0

[Event "Saarlouis op 6th"]
[Site "Saarlouis"]
[Date "2003.05.30"]
[Round "4"]
[White "Frueh, Guenther"]
[Black "Sebrek, Janos"]
[Result "1/2-1/2"]
[WhiteElo "1462"]
[BlackElo "2061"]
[PlyCount "83"]
[EventDate "2003.05.??"]
[EventType "swiss"]
[EventRounds "7"]
[EventCountry "GER"]
[SourceTitle "EXT 2006"]
[Source "ChessBase"]
[SourceDate "2005.11.24"]
[SourceVersion "1"]
[SourceVersionDate "2005.11.24"]
[SourceQuality "1"]

1. e4 c6 2. d4 d5 3. exd5 cxd5 4. Nf3 Nf6 5. c4 e6 6. Nc3 Nc6 7. a3 Be7 8. cxd5 Nxd5 9. Be2 0-0 10. 0-0 Bf6 11. Be3 Nxe3 12. fxe3 b6 13. Qc2 Bb7 14. Rad1 Ne7 15. e4 g6 16. Qd2 Qc7 17. Nb5 Qd7 18. e5 Bg7 19. Nd6 h6 20. Rc1 Nf5 21. Bb5 Qe7 22. Nxb7 Qxb7 23. Bc6 Qe7 24. Bxa8 Rxa8 25. Qc3 Rd8 26. Qc7 Rd7 27. Qc3 Bf8 28. g4 Nh4 29. Nxh4 Qxh4 30. h3 h5 31. Qf3 hxg4 32. hxg4 Qg5 33. Qf4 Qxf4 34. Rxf4 Bh6 35. Rc8+ Kg7 36. Re4 Rxd4 37. Rc4 Rxc4 38. Rxc4 Be3+ 39. Kg2 a5 40. a4 Kh6 41. Kf3 Bc5 42. b3 1/2-1/2

[Event "Saarlouis op 6th"]
[Site "Saarlouis"]
[Date "2003.05.28"]
[Round "1"]
[White "Sebrek, Janos"]
[Black "Dietzen, Corinna"]
[Result "1-0"]
[WhiteElo "2061"]
[BlackElo "1390"]
[PlyCount "67"]
[EventDate "2003.05.??"]
[EventType "swiss"]
[EventRounds "7"]
[EventCountry "GER"]
[SourceTitle "EXT 2006"]
[Source "ChessBase"]
[SourceDate "2005.11.24"]
[SourceVersion "1"]
[SourceVersionDate "2005.11.24"]
[SourceQuality "1"]

1. d4 g6 2. c4 Bg7 3. Nc3 d6 4. e4 Nf6 5. f3 Nbd7 6. Be3 c6 7. Qd2 a6 8. Bd3 e5 9. d5 cxd5 10. cxd5 b6 11. Rc1 Nc5 12. Bb1 Bd7 13. Nge2 Rc8 14. 0-0 0-0 15. Ng3 Qc7 16. b4 Nb7 17. Na4 Qb8 18. Nxb6 Rxc1 19. Rxc1 Bc8 20. Qc3 Bd7 21. Qc7 Rd8 22. Qxb8 Rxb8 23. Rc7 Bb5 24. a4 Be8 25. Nf1 Bf8 26. Nd2 Kg7 27. Ndc4 Nd8 28. Ra7 Bxa4 29. Nxa4 Rxb4 30. Nab2 Rb3 31. Bd2 Ng8 32. Bc2 Rb8 33. Rxa6 Nb7 34. Rb6 1-0

[Event "HUN-chT2 Breyer 0203"]
[Site "Hungary"]
[Date "2002.12.08"]
[Round "4"]
[White "Sebrek, Janos"]
[Black "Kiss, Ferenc"]
[Result "0-1"]
[WhiteElo "2070"]
[BlackElo "2122"]
[PlyCount "90"]
[EventDate "2002.09.22"]
[EventType "team-tourn"]
[EventRounds "11"]
[EventCountry "HUN"]
[SourceTitle "EXT 2009"]
[Source "ChessBase"]
[SourceDate "2008.11.26"]
[SourceVersion "1"]
[SourceVersionDate "2008.11.26"]
[SourceQuality "1"]

1. d4 d5 2. c4 e6 3. Nc3 Nf6 4. Bg5 Nbd7 5. cxd5 exd5 6. Nxd5 Nxd5 7. Bxd8 Bb4+ 8. Qd2 Bxd2+ 9. Kxd2 Kxd8 10. e4 N5b6 11. Rc1 c6 12. Bd3 Ke7 13. Nf3 Rd8 14. g4 Nf8 15. h3 Ne6 16. Ke3 Kf8 17. Rhd1 Re8 18. h4 Nc7 19. Kf4 Re7 20. h5 h6 21. Kg3 Ne6 22. Bb1 Ng5 23. Nxg5 hxg5 24. Rc5 f6 25. Rh1 Be6 26. h6 gxh6 27. Rxh6 Kg7 28. Rh5 Rh8 29. e5 Rxh5 30. exf6+ Kxf6 31. gxh5 Nd5 32. Rc1 Bf5 33. Bxf5 Kxf5 34. Rh1 Nf6 35. f3 Rh7 36. h6 Kg6 37. f4 Nh5+ 38. Kf3 Nxf4 39. Ke4 Rxh6 40. Rxh6+ Kxh6 41. b4 Kh5 42. a4 a6 43. b5 axb5 44. axb5 cxb5 45. d5 Nxd5 0-1

[Event "Budapest FS02 FM-A"]
[Site "Budapest"]
[Date "2002.02.12"]
[Round "11"]
[White "Sebrek, Janos"]
[Black "Hocevar, Nikola"]
[Result "1/2-1/2"]
[WhiteElo "2059"]
[BlackElo "2134"]
[PlyCount "69"]
[EventDate "2002.02.02"]
[EventType "tourn"]
[EventRounds "13"]
[EventCountry "HUN"]
[SourceTitle "CBM 086 Extra"]
[Source "ChessBase"]
[SourceDate "2002.03.14"]
[SourceVersion "1"]
[SourceVersionDate "2002.03.14"]
[SourceQuality "1"]

1. d4 Nf6 2. c4 g6 3. Nc3 Bg7 4. e4 d6 5. f3 0-0 6. Nge2 c6 7. Be3 e5 8. d5 cxd5 9. Nxd5 Nxd5 10. Qxd5 Nc6 11. Rd1 Be6 12. Qb5 Qc7 13. b3 Rac8 14. Nc3 a6 15. Qb6 Nd4 16. Qxc7 Rxc7 17. Bxd4 exd4 18. Ne2 b5 19. Nxd4 Bxd4 20. Rxd4 bxc4 21. Bxc4 Bxc4 22. bxc4 Rb8 23. 0-0 Rb2 24. Rf2 Rb1+ 25. Rf1 Rb2 26. Ra1 a5 27. a4 Rc2 28. Rxd6 R7xc4 29. Rd5 Re2 30. Kh1 Rxa4 31. Rdd1 Raa2 32. Rxa2 Rxa2 33. h4 Kg7 34. Kh2 a4 35. Rd5 1/2-1/2

[Event "Budapest FS02 FM-A"]
[Site "Budapest"]
[Date "2002.02.11"]
[Round "10"]
[White "Ignacz, Maria"]
[Black "Sebrek, Janos"]
[Result "0-1"]
[WhiteElo "2069"]
[BlackElo "2059"]
[PlyCount "102"]
[EventDate "2002.02.02"]
[EventType "tourn"]
[EventRounds "13"]
[EventCountry "HUN"]
[SourceTitle "CBM 086 Extra"]
[Source "ChessBase"]
[SourceDate "2002.03.14"]
[SourceVersion "1"]
[SourceVersionDate "2002.03.14"]
[SourceQuality "1"]

1. d4 d5 2. c4 c6 3. Nf3 Nf6 4. e3 e6 5. Nc3 Nbd7 6. Bd3 dxc4 7. Bxc4 b5 8. Bb3 Bb7 9. 0-0 a6 10. Re1 Be7 11. e4 Qc7 12. e5 Nd5 13. Ne4 c5 14. dxc5 Nxc5 15. Nxc5 Bxc5 16. a3 0-0 17. Bc2 Ne7 18. Bxh7+ Kxh7 19. Ng5+ Kg8 20. Qh5 Bxf2+ 21. Kh1 Qc2 22. Rf1 Qg6 23. Qg4 Bb6 24. h4 Qc2 25. Bf4 Qxb2 26. Rfb1 Qf2 27. Rf1 Qb2 28. Rfb1 Qc2 29. Rf1 Rad8 30. Rac1 Qb2 31. Rcd1 Rxd1 32. Rxd1 Qf2 33. Nh3 Qc2 34. Rd7 Qxg2+ 35. Qxg2 Bxg2+ 36. Kxg2 Ng6 37. Bg3 Bc5 38. Rd3 Rc8 39. Rc3 Ne7 40. Ng5 b4 41. axb4 Bxb4 42. Rd3 Nd5 43. Rf3 Rc7 44. Ne4 a5 45. Nd6 a4 46. Nb5 Rc2+ 47. Kh3 Ne7 48. Nd6 Nf5 49. Nb5 Nxg3 50. Kxg3 Rc5 51. Nd6 Rc3 0-1

[Event "Budapest FS02 FM-A"]
[Site "Budapest"]
[Date "2002.02.08"]
[Round "7"]
[White "Frank, Jozsef1"]
[Black "Sebrek, Janos"]
[Result "0-1"]
[WhiteElo "2005"]
[BlackElo "2059"]
[PlyCount "74"]
[EventDate "2002.02.02"]
[EventType "tourn"]
[EventRounds "13"]
[EventCountry "HUN"]
[SourceTitle "CBM 086 Extra"]
[Source "ChessBase"]
[SourceDate "2002.03.14"]
[SourceVersion "1"]
[SourceVersionDate "2002.03.14"]
[SourceQuality "1"]

1. d4 d5 2. Nf3 Nf6 3. g3 g6 4. Bg2 Bg7 5. 0-0 0-0 6. c3 Bf5 7. Qb3 Qc8 8. Bg5 Rd8 9. Nbd2 Na6 10. Ne5 c6 11. e4 Be6 12. Qa3 Bf8 13. Nd3 dxe4 14. Nf4 Bf5 15. Qb3 Nd5 16. Rae1 h6 17. Nxd5 cxd5 18. Be3 e6 19. f3 exf3 20. Rxf3 Rd7 21. Ref1 Nc7 22. Bf4 Ne8 23. h3 g5 24. Be3 Nd6 25. R3f2 Bd3 26. Re1 Nf5 27. g4 Nh4 28. Nf3 Nxg2 29. Kxg2 Be4 30. h4 f5 31. gxf5 g4 32. fxe6 gxf3+ 33. Kh1 Rh7 34. Bf4 Qxe6 35. Kh2 Bd6 36. Rxe4 Qxe4 37. Bxd6 Qxh4+ 0-1

[Event "Budapest FS02 FM-A"]
[Site "Budapest"]
[Date "2002.02.03"]
[Round "2"]
[White "Sebrek, Janos"]
[Black "Sarkozi, Ferenc"]
[Result "0-1"]
[WhiteElo "2059"]
[BlackElo "2071"]
[PlyCount "55"]
[EventDate "2002.02.02"]
[EventType "tourn"]
[EventRounds "13"]
[EventCountry "HUN"]
[SourceTitle "CBM 086 Extra"]
[Source "ChessBase"]
[SourceDate "2002.03.14"]
[SourceVersion "1"]
[SourceVersionDate "2002.03.14"]
[SourceQuality "1"]

1. d4 Nf6 2. c4 e6 3. Nc3 Bb4 4. Qc2 d5 5. a3 Bxc3+ 6. Qxc3 Ne4 7. Qc2 0-0 8. Nf3 Nd7 9. Bf4 c6 10. e3 f5 11. Bd3 Qe7 12. c5 g5 13. Bc7 Ndxc5 14. dxc5 Qxc7 15. Bxe4 fxe4 16. Nxg5 Qg7 17. h4 e5 18. 0-0-0 h6 19. Nh3 Kh8 20. Rdg1 Bf5 21. Qe2 Bg4 22. f3 Bf5 23. g4 exf3 24. Qf2 Be6 25. Ng5 Bd7 26. Nh3 Rf7 27. g5 Bxh3 28. Rxh3 0-1

[Event "Budapest FS02 FM-A"]
[Site "Budapest"]
[Date "2002.02.02"]
[Round "1"]
[White "Berczes, David"]
[Black "Sebrek, Janos"]
[Result "1/2-1/2"]
[WhiteElo "2146"]
[BlackElo "2059"]
[PlyCount "50"]
[EventDate "2002.02.02"]
[EventType "tourn"]
[EventRounds "13"]
[EventCountry "HUN"]
[SourceTitle "CBM 086 Extra"]
[Source "ChessBase"]
[SourceDate "2002.03.14"]
[SourceVersion "1"]
[SourceVersionDate "2002.03.14"]
[SourceQuality "1"]

1. e4 c6 2. d4 d5 3. Nc3 dxe4 4. Nxe4 Nd7 5. Bc4 Ngf6 6. Ng5 e6 7. Ne2 Be7 8. 0-0 0-0 9. Nf4 Nb6 10. Bd3 h6 11. Nf3 Nbd5 12. c3 b6 13. Ne5 Bb7 14. Qe2 c5 15. dxc5 Bxc5 16. c4 Nb4 17. Bb1 Qc7 18. Bd2 Nc6 19. Bc3 Bd4 20. Bxd4 Nxd4 21. Qe3 Rfd8 22. Ne2 Qc5 23. Bd3 Rd6 24. Kh1 Nxe2 25. Qxe2 Rad8 1/2-1/2